[Event "Angers op 5th"]
[Site "Angers"]
[Date "2010.04.24"]
[Round "4"]
[White "Mahe, Romain"]
[Black "Douville, Frederic"]
[Result "1-0"]
[WhiteElo "1979"]
[BlackElo "1641"]
[PlyCount "43"]
[EventDate "2010.04.23"]
[EventType "swiss"]
[EventRounds "6"]
[EventCountry "FRA"]
[SourceTitle "EXT 2011"]
[Source "ChessBase"]
[SourceDate "2010.11.26"]
[SourceVersion "1"]
[SourceVersionDate "2010.11.26"]
[SourceQuality "1"]

1. e4 Nf6 2. Nc3 d5 3. exd5 Nxd5 4. Bc4 Nxc3 5. bxc3 Nc6 6. d4 Bf5 7. Nf3 e6 8. 0-0 Be7 9. Rb1 Rb8 10. Re1 0-0 11. Bf4 Bf6 12. Nd2 Bg5 13. Bxg5 Qxg5 14. Ne4 Qg6 15. Bd3 Ne7 16. Nc5 Nd5 17. Qf3 Bxd3 18. cxd3 Rfd8 19. Nxb7 Nxc3 20. Rbc1 Rd5 21. Rxc3 Rxb7 22. Qxd5 1-0

[Event "Angers op 4th"]
[Site "Angers"]
[Date "2009.04.19"]
[Round "6"]
[White "Delaitre, Frederic"]
[Black "Douville, Frederic"]
[Result "1-0"]
[WhiteElo "1860"]
[BlackElo "1690"]
[PlyCount "67"]
[EventDate "2009.04.17"]
[EventType "swiss"]
[EventRounds "6"]
[EventCountry "FRA"]
[SourceTitle "CBM 129 Extra"]
[Source "ChessBase"]
[SourceDate "2009.05.05"]
[SourceVersion "2"]
[SourceVersionDate "2009.05.20"]
[SourceQuality "1"]

1. c4 e6 2. g3 Nf6 3. Bg2 d5 4. Nf3 Be7 5. b3 Nc6 6. Ba3 0-0 7. Bxe7 Qxe7 8. 0-0 Bd7 9. d3 e5 10. Qd2 Rfd8 11. cxd5 Nxd5 12. Nc3 Bf5 13. Ne1 Nxc3 14. Qxc3 e4 15. dxe4 Bxe4 16. f3 Bg6 17. e4 Rd6 18. Nd3 Rad8 19. Nf4 Qe5 20. Qxe5 Nxe5 21. Nd5 c6 22. f4 cxd5 23. fxe5 Re6 24. exd5 Rxe5 25. Rae1 Rxe1 26. Rxe1 f6 27. Re7 Rc8 28. Bh3 Rc1+ 29. Kf2 Rc2+ 30. Ke3 Rc3+ 31. Kd4 Rd3+ 32. Kc4 b5+ 33. Kc5 Kf8 34. Rxa7 1-0

[Event "Angers op 4th"]
[Site "Angers"]
[Date "2009.04.18"]
[Round "3"]
[White "Douville, Frederic"]
[Black "Robveille, Ludovic"]
[Result "0-1"]
[WhiteElo "1690"]
[BlackElo "1915"]
[PlyCount "65"]
[EventDate "2009.04.17"]
[EventType "swiss"]
[EventRounds "6"]
[EventCountry "FRA"]
[SourceTitle "CBM 129 Extra"]
[Source "ChessBase"]
[SourceDate "2009.05.05"]
[SourceVersion "2"]
[SourceVersionDate "2009.05.20"]
[SourceQuality "1"]

1. b4 Nf6 2. Bb2 d5 3. Nf3 a5 4. b5 a4 5. e3 e6 6. c4 c6 7. Be2 Be7 8. 0-0 0-0 9. d4 dxc4 10. Bxc4 cxb5 11. Bxb5 Bd7 12. Bxd7 Nbxd7 13. Ba3 b5 14. Bxe7 Qxe7 15. Nc3 Qb4 16. Qd2 Rac8 17. Ne4 Qa3 18. Nxf6+ Nxf6 19. Rab1 Ne4 20. Qb2 Qxb2 21. Rxb2 Nd6 22. Ne5 Rc3 23. Nd7 Rfc8 24. Nc5 a3 25. Re2 h6 26. f3 Nc4 27. Rfe1 Nb2 28. Ne4 Rc2 29. Nd6 Rxe2 30. Rxe2 Rc1+ 31. Kf2 b4 32. Nb5 b3 33. axb3 0-1